<?xml version="1.0" encoding="UTF-8"?>
<record
    xmlns:xsi="http://www.w3.org/2001/XMLSchema-instance"
    xsi:schemaLocation="http://www.loc.gov/MARC21/slim http://www.loc.gov/standards/marcxml/schema/MARC21slim.xsd"
    xmlns="http://www.loc.gov/MARC21/slim">

  <leader>05376cam a22005174i 4500</leader>
  <controlfield tag="003">PE-LiUPU</controlfield>
  <controlfield tag="005">20250731165511.0</controlfield>
  <controlfield tag="008">180302s2015    ck a    r     000 0 spa d</controlfield>
  <datafield tag="020" ind1=" " ind2=" ">
    <subfield code="a">9789586829847</subfield>
  </datafield>
  <datafield tag="035" ind1=" " ind2=" ">
    <subfield code="a">(Sirsi) a241408</subfield>
  </datafield>
  <datafield tag="040" ind1=" " ind2=" ">
    <subfield code="a">PE-LiUPU</subfield>
    <subfield code="b">spa</subfield>
    <subfield code="c">PE-LiUPU</subfield>
    <subfield code="e">rda</subfield>
  </datafield>
  <datafield tag="049" ind1=" " ind2=" ">
    <subfield code="a">PRUA</subfield>
  </datafield>
  <datafield tag="082" ind1="0" ind2="4">
    <subfield code="a">005.2762</subfield>
    <subfield code="b">M36</subfield>
    <subfield code="2">23</subfield>
  </datafield>
  <datafield tag="110" ind1="2" ind2=" ">
    <subfield code="a">MEDIAactive,</subfield>
    <subfield code="e">autor.</subfield>
  </datafield>
  <datafield tag="245" ind1="1" ind2="0">
    <subfield code="a">Aprender JavaScript Avanzado con 100 ejercicios pr&#xE1;cticos /</subfield>
    <subfield code="c">MEDIAactive.</subfield>
  </datafield>
  <datafield tag="250" ind1=" " ind2=" ">
    <subfield code="a">Primera edici&#xF3;n.</subfield>
  </datafield>
  <datafield tag="264" ind1=" " ind2="1">
    <subfield code="a">Bogot&#xE1; :</subfield>
    <subfield code="b">Alfaomega,</subfield>
    <subfield code="c">2015.</subfield>
  </datafield>
  <datafield tag="300" ind1=" " ind2=" ">
    <subfield code="a">213 p&#xE1;ginas :</subfield>
    <subfield code="b">ilustraciones ;</subfield>
    <subfield code="c">24 cent&#xED;metros.</subfield>
  </datafield>
  <datafield tag="336" ind1=" " ind2=" ">
    <subfield code="a">text</subfield>
    <subfield code="2">rdacontent</subfield>
  </datafield>
  <datafield tag="337" ind1=" " ind2=" ">
    <subfield code="a">unmediated</subfield>
    <subfield code="2">rdamedia</subfield>
  </datafield>
  <datafield tag="338" ind1=" " ind2=" ">
    <subfield code="a">volume</subfield>
    <subfield code="2">rdacarrier</subfield>
  </datafield>
  <datafield tag="490" ind1="0" ind2=" ">
    <subfield code="a">Aprender-- con 100 ejercicios pr&#xE1;cticos</subfield>
  </datafield>
  <datafield tag="505" ind1="0" ind2=" ">
    <subfield code="a">Qu&#xE9; es Javacript -- HTML, CSS y Javacript: la uni&#xF3;n perfecta -- HTML: estructuras y etiquetas -- CSS o c&#xF3;mo dar estilo a sus p&#xE1;ginas web -- Utilizar el editor de texto adecuado -- Empezar con javascript &#xBF;Qu&#xE9; es un script? -- Utilizar validadores de p&#xE1;ginas web -- A&#xF1;adir scripts a una p&#xE1;gina web -- Vincular archivos de javascripts externos --  Controlar posibles erroes de javascript -- Controlar posibles erroes de javascript ii -- Descubrir la gram&#xE1;tica de Javascript -- Mostrar mensajes utilizando variables -- Usar variables para formular preguntas -- Utilizar una matriz (array) para gestionar listas -- A&#xF1;adir elementos a una lista -- Eliminar elementos de una matriz -- A&#xF1;adir y borrar &#xED;tems con el comando splice() -- Sustituir elementos en una matriz -- Escribir comentarios para Javascript -- Conocer las sentencias con m&#xE1;s de una opci&#xF3;n -- Validar la entrada de valores num&#xE9;ricos -- Conocer otros tipos de condiciones -- Anidar sentencias condicionales -- Gestionar sentencias condicionales -- Gestionar tareas repetitivas con bucles -- Repetir pasos con el bucle for -- Empezar a trabajar con funciones -- Crear un cuestionario con variables y funciones -- Crear un cuestionario con variables y funciones II -- Mostrar los resultados del cuestionario -- Recabar informaci&#xF3;n del navegador del usuario -- Trabajar con n&#xFA;meros -- Jugar con elementos aleatorios -- Programar la fecha actual -- Programar el formato de la fecha actual -- Mostrar la fecha actual de la p&#xE1;gina -- Mostrar la hora actual -- Gestionar minutos y segundos -- Editar el formato de la hora -- Calcular d&#xED;as transcurridos entre dos fechas -- Trabajar con identificadores (Id) -- Conocer las bibliotecas de Javascript: jquery -- Combinar jquery con CSS (i) -- Combinar jquery con CSS (ii) -- Utilizar Jquery para enfatizar textos -- Combinar jquery y HTML para enfatizar textos -- Conocer los eventos en Javascript -- Aplicar formato a una tabla con CSS y Javascript -- Practiar con el evento de rat&#xF3;n mouseover -- Mostrar y ocultar &#xED;tems con el evento hover() -- Aplicar un rollover sobre un texto -- Aplicar efectos de jQuery -- Animar las propiedades CSS de un elemento -- Asignar efectos a una galer&#xED;a de im&#xE1;genes -- Asignar efectos a una galer&#xED;a (II) -- Editar la galeria de imagenes -- Mostrar imagenes en una ventana flotante -- Editar im&#xE1;genes en una ventana flotante -- Crear un pase de im&#xE1;genes autom&#xE1;tico -- Ajustar transiciones entre im&#xE1;genes -- A&#xF1;adir controles en el pase de im&#xE1;genes -- A&#xF1;adir otros controles en el pase de im&#xE1;genes -- Abr&#xED;r v&#xED;nculos en una ventana nueva -- Abr&#xED;r v&#xED;nculos en una ventana flotante -- Crear bloques de elementos vinculables -- Crear una barra de navegaci&#xF3;n -- Empezar a trabajar con formularios -- Habilitar y deshabilitar campos -- Ocultar campos de un formulario -- Validar un formulario -- A&#xF1;adir reglas de validaci&#xF3;n -- Crear reglas de validaci&#xF3;n especiales -- Controlar el n&#xFA;mero de caracteres -- Contrlar la posii&#xF3;n de los mensajes de error -- Dar formato a los mensajes de error -- Crear paneles de tipo acorde&#xF3;n -- Crear paneles con pesta&#xF1;as -- Crear un campo de fecha en un formulario -- Crear etiquetas emergentes -- Crear tooltips contooltipster -- Insertar una imagen en una etiqueta -- Cambiar el aspecto de las etiquetas -- Asignar interactividad en una tabla -- Formatear la tabla interactiva -- Trabajar con Ajax: primeras nociones -- Ordenar en pesta&#xF1;as una lista de v&#xED;nculos -- A&#xF1;adir google maps en una p&#xE1;gina web -- Depurar la programaci&#xF3;n con Firebug -- Utilizar la funci&#xF3;n console.log para depurar -- Solventar errores tras la depuraci&#xF3;n -- Agilizar el rendimiento de Javascript -- Comprimir archivos .js con YUI compressor.</subfield>
  </datafield>
  <datafield tag="526" ind1=" " ind2=" ">
    <subfield code="a">SEG44</subfield>
  </datafield>
  <datafield tag="526" ind1=" " ind2=" ">
    <subfield code="a">SEG26</subfield>
  </datafield>
  <datafield tag="526" ind1=" " ind2=" ">
    <subfield code="a">P151</subfield>
  </datafield>
  <datafield tag="526" ind1=" " ind2=" ">
    <subfield code="a">P150</subfield>
  </datafield>
  <datafield tag="526" ind1=" " ind2=" ">
    <subfield code="a">P149</subfield>
  </datafield>
  <datafield tag="526" ind1=" " ind2=" ">
    <subfield code="a">P146</subfield>
  </datafield>
  <datafield tag="526" ind1=" " ind2=" ">
    <subfield code="a">P145</subfield>
  </datafield>
  <datafield tag="526" ind1=" " ind2=" ">
    <subfield code="a">P126</subfield>
  </datafield>
  <datafield tag="526" ind1=" " ind2=" ">
    <subfield code="a">P125</subfield>
  </datafield>
  <datafield tag="526" ind1=" " ind2=" ">
    <subfield code="a">P92</subfield>
  </datafield>
  <datafield tag="526" ind1=" " ind2=" ">
    <subfield code="a">P75</subfield>
  </datafield>
  <datafield tag="526" ind1=" " ind2=" ">
    <subfield code="a">P74</subfield>
  </datafield>
  <datafield tag="526" ind1=" " ind2=" ">
    <subfield code="a">P27</subfield>
  </datafield>
  <datafield tag="526" ind1=" " ind2=" ">
    <subfield code="a">P15</subfield>
  </datafield>
  <datafield tag="541" ind1=" " ind2=" ">
    <subfield code="g">001-0042353;</subfield>
  </datafield>
  <datafield tag="650" ind1="1" ind2="4">
    <subfield code="a">JavaScript (Computer program language).</subfield>
  </datafield>
  <datafield tag="650" ind1="2" ind2="4">
    <subfield code="a">Programaci&#xF3;n de computadoras</subfield>
    <subfield code="v">Problemas, ejercicios, etc.</subfield>
  </datafield>
  <datafield tag="910" ind1=" " ind2=" ">
    <subfield code="a">dbm</subfield>
    <subfield code="b">ncf</subfield>
    <subfield code="c">ncf</subfield>
    <subfield code="d">20180302</subfield>
  </datafield>
  <datafield tag="942" ind1=" " ind2=" ">
    <subfield code="2">ddc</subfield>
    <subfield code="c">BOOK</subfield>
  </datafield>
  <datafield tag="994" ind1=" " ind2=" ">
    <subfield code="a">C0</subfield>
    <subfield code="b">PEPRU</subfield>
  </datafield>
  <datafield tag="596" ind1=" " ind2=" ">
    <subfield code="a">1</subfield>
  </datafield>
  <datafield tag="999" ind1=" " ind2=" ">
    <subfield code="a">005.2762 M36</subfield>
    <subfield code="w">DEWEY</subfield>
    <subfield code="c">27046</subfield>
    <subfield code="i">78308</subfield>
    <subfield code="d">27046</subfield>
    <subfield code="e">2022-5-26</subfield>
    <subfield code="f">2021-11-9</subfield>
    <subfield code="g">4</subfield>
    <subfield code="k">CHECKEDOUT</subfield>
    <subfield code="l">CCODEBUL1</subfield>
    <subfield code="m">BUL</subfield>
    <subfield code="n">10</subfield>
    <subfield code="p">28.83</subfield>
    <subfield code="r">M</subfield>
    <subfield code="s">Y</subfield>
    <subfield code="t">BOOK</subfield>
    <subfield code="u">2018-3-2</subfield>
    <subfield code="x">INGENIERIA</subfield>
    <subfield code="P">P27</subfield>
    <subfield code="0">COMPRA</subfield>
    <subfield code="o">.STAFF. Colecci&#xF3;n Ingenier&#xED;a y Arquitectura</subfield>
  </datafield>
  <datafield tag="980" ind1=" " ind2=" ">
    <subfield code="8">1</subfield>
    <subfield code="g">ALBERTO SANCHEZ Responsable de Automatizaci&#xF3;n</subfield>
  </datafield>
  <datafield tag="952" ind1=" " ind2=" ">
    <subfield code="r">2025-12-02 00:00:00</subfield>
    <subfield code="i">5</subfield>
    <subfield code="l">10</subfield>
    <subfield code="o">005.2762 M36</subfield>
    <subfield code="p">78308</subfield>
    <subfield code="s">2022-05-26</subfield>
    <subfield code="t">e1</subfield>
    <subfield code="v">33.83</subfield>
    <subfield code="w">2018-03-02</subfield>
    <subfield code="x">FIA</subfield>
    <subfield code="y">BK</subfield>
    <subfield code="z">inventario-2023-12-13</subfield>
    <subfield code="1">0</subfield>
    <subfield code="2">ddc</subfield>
    <subfield code="5">0</subfield>
    <subfield code="7">0</subfield>
    <subfield code="8">GEN</subfield>
    <subfield code="f">P27</subfield>
    <subfield code="a">BUL</subfield>
    <subfield code="b">BUL</subfield>
    <subfield code="c">GEN</subfield>
    <subfield code="d">2018-03-02</subfield>
    <subfield code="e">COMPRA</subfield>
    <subfield code="g">28.83</subfield>
  </datafield>
</record>
